Statistics for Every Club Cristiano Ronaldo Has Scored Against

Click here to take the quiz!

General Stats

  • This quiz has been taken 1,998 times
    (463 since last reset)
  • The average score is 51 of 132

Answer Stats

#Country of clubClub% Correct
20FC Barcelona
98%
25Atletico Madrid
88%
5Manchester City
87%
6AC Milan
86%
5Inter Milan
85%
27Sevilla
84%
9Arsenal
81%
9Bayern Munich
81%
2Chelsea
81%
10Juventus
81%
3Paris Saint-Germain
78%
14Tottenham Hotspur
77%
9Aston Villa
76%
3Liverpool
76%
7Borussia Dortmund
74%
15Valencia
74%
17Athletic Bilbao
72%
3Manchester United
71%
10AS Roma
69%
1FC Porto
69%
9AFC Ajax
66%
6Real Betis
66%
15Real Sociedad
64%
4SSC Napoli
64%
8Newcastle United
61%
6Olympique Lyonnais
60%
15Villarreal
59%
4Girona
58%
4Olympique Marseille
58%
5SS Lazio
58%
6Galatasaray
56%
23Getafe
56%
6West Ham United
54%
20Celta Vigo
52%
5Everton
52%
7Mallorca
50%
3ACF Fiorentina
47%
13Deportivo La Coruña
47%
12Granada
47%
6Malmö FF
47%
6Atalanta
46%
1Brighton & Hove Albion
46%
4Dynamo Kyiv
46%
15Espanyol
46%
1Young Boys
46%
3Las Palmas
45%
17Malaga
45%
12Rayo Vallecano
45%
4Torino FC
45%
3VfL Wolfsburg
45%
12Osasuna
44%
7Schalke 04
44%
3CSKA Moscow
42%
7Almería
41%
2Bayer 04 Leverkusen
40%
7Fulham
40%
2Southampton
40%
5Deportivo Alavés
39%
3FC Copenhagen
39%
14Levante
39%
7Udinese
39%
6APOEL
38%
2Basel
38%
5Genoa
37%
4Norwich City
37%
5Shakhtar Donetsk
37%
1Burnley
36%
7Eibar
36%
3Hellas Verona FC
35%
3Real Valladolid
35%
6Sassuolo
35%
3Sporting CP
35%
1Sunderland
35%
5UC Sampdoria
35%
7Elche
34%
3Blackburn Rovers
33%
8Cagliari Calcio
33%
7Zaragoza
33%
2Bologna FC
32%
6Parma
32%
6Portsmouth
32%
1Brentford
31%
2Watford
30%
4West Bromwich Albion
30%
2Birmingham City
29%
6Bolton Wanderers
28%
2Empoli
26%
2FC Zürich
26%
2Hull City
25%
2FC Sheriff Tiraspol
24%
1Lecce
24%
2Stoke City
23%
5Middlesbrough
22%
1Tenerife
22%
4Derby County
21%
1Ferencváros
21%
2Ludogoretz Razgrad
21%
6Racing Santander
21%
7Wigan Athletic
20%
1Cordoba
18%
2Frosinone
18%
1Al-Shabab
17%
1America
17%
4Reading
17%
6Sporting Gijón
17%
1Charlton Athletic
16%
1Boavista
15%
1Grêmio
15%
3S.P.A.L.
14%
3Spezia
14%
1AJ Auxerre
13%
3Kashima Antlers
12%
1Murcia
12%
1Millwall
11%
2Crotone
10%
1Al-Fateh
8%
4Xerez
8%
1Abha
7%
1Debreceni
7%
1Gamba Osaka
7%
2Hércules
7%
1Al-Raed
6%
3Damac FC
6%
1Al-Jazira
4%
1Al-Tai
4%
1Exeter City
4%
2Moreirense
4%
4Al-Wedha
2%
1FC Oliveira do Hospital
2%
1Ponferradina
2%
2Al-Adalah
1%
1CD Estarreja
1%

Score Distribution

Percentile by Number Answered

Percent of People with Each Score

Your Score History

You have not taken this quiz since the last reset